Poistenie a poisťovne

Poistenie, jeho úlohy a význam v trhovej ekonomike. Voľné trhové hospodárstvo v poisťovníctve. Poisťovne - môžu mať nasledujúce právne formy: štátny podnik, akciová spoločnosť, poisťovací spolok, obchodné zastupiteľstvá zahraničných poisťovní. Úlohy poisťovní. Zoznam poisťovateľov pôsobiacich v SR (...

Full description

Saved in:
Bibliographic Details
Main Author: Čejková, Viktória
Format: Book Chapter
Language:Slovak
Subjects:
Tags: Add Tag
No Tags, Be the first to tag this record!

MARC

LEADER 00000naa a2200000 4500
001 r015993
005 20221213113108.3
041 0 |a slo 
044 |a SK 
245 1 0 |a Poistenie a poisťovne  |c Viktória Čejková 
520 |a Poistenie, jeho úlohy a význam v trhovej ekonomike. Voľné trhové hospodárstvo v poisťovníctve. Poisťovne - môžu mať nasledujúce právne formy: štátny podnik, akciová spoločnosť, poisťovací spolok, obchodné zastupiteľstvá zahraničných poisťovní. Úlohy poisťovní. Zoznam poisťovateľov pôsobiacich v SR (stav k 15.2.1994). 
610 2 0 |a poistenie 
610 2 0 |a hospodárstvo trhové 
610 2 0 |a poisťovne 
610 2 0 |a poisťovníctvo 
610 2 0 |a riziko poistné 
610 2 0 |a fond poistný 
610 2 0 |a poistné 
610 2 0 |a poistenie zmluvné 
610 2 0 |a poistenie dobrovoľné 
610 2 0 |a poistenie zákonné 
610 2 0 |a Slovensko 
100 1 |a Čejková, Viktória